5HLuxD.jpg

KING HENRY VIII SENIOR AND PRIMARY SCHOOL LIBRARY OPAC

Six of crows / (Record no. 638)

000 -LEADER
fixed length control field 00856nam a22002417a 4500
005 - DATE AND TIME OF LATEST TRANSACTION
control field 20190904162658.0
008 - FIXED-LENGTH DATA ELEMENTS--GENERAL INFORMATION
fixed length control field 190904b ||||| |||| 00| 0 eng d
020 ## - INTERNATIONAL STANDARD BOOK NUMBER
International Standard Book Number 9781780622286
040 ## - CATALOGING SOURCE
Transcribing agency KH8
082 ## - DEWEY DECIMAL CLASSIFICATION NUMBER
Classification number FIC BAR
100 ## - MAIN ENTRY--PERSONAL NAME
Personal name Bardugo, Leigh
245 ## - TITLE STATEMENT
Title Six of crows /
Statement of responsibility, etc. Leigh Bardugo
246 ## - VARYING FORM OF TITLE
Title proper/short title 6 of crows
260 ## - PUBLICATION, DISTRIBUTION, ETC.
Place of publication, distribution, etc. London :
Name of publisher, distributor, etc. Indigo,
Date of publication, distribution, etc. 2016. ©2015.
300 ## - PHYSICAL DESCRIPTION
Extent 495 pages :
Other physical details illustrations, map ;
Dimensions 20 cm.
440 ## - SERIES STATEMENT/ADDED ENTRY--TITLE
Title Six of crows duology
500 ## - GENERAL NOTE
General note Originally published: London: Indigo, 2015.
520 ## - SUMMARY, ETC.
Summary, etc. Six dangerous outcasts. One impossible heist. Kaz's crew is the only thing that might stand between the world and destruction--if they don't kill each other first.
650 ## - SUBJECT ADDED ENTRY--TOPICAL TERM
Topical term or geographic name entry element Brigands and robbers
Form subdivision Juvenile fiction.
650 ## - SUBJECT ADDED ENTRY--TOPICAL TERM
Topical term or geographic name entry element Young adult fiction.
650 ## - SUBJECT ADDED ENTRY--TOPICAL TERM
Topical term or geographic name entry element Brigands and robbers.
942 ## - ADDED ENTRY ELEMENTS (KOHA)
Source of classification or shelving scheme
Koha item type Books - Fiction
Holdings
Withdrawn status Lost status Source of classification or shelving scheme Damaged status Not for loan Collection code Permanent Location Current Location Shelving location Date acquired Total Checkouts Total Renewals Full call number Barcode Date last seen Date last checked out Price effective from Koha item type
          Fiction KH8 Senior School Library KH8 Senior School Library Fiction 2019-09-04 9 2 FIC BAR 3KHSL000101348 2026-04-16 2026-03-09 2019-09-04 Books - Fiction

Powered By KH8 IT Dept